International demand for UK residential property (Record no. 108058)

MARC details
000 -LEADER
fixed length control field 01380cad a22002295a 4500
001 - CONTROL NUMBER
control field L143074
008 - FIXED-LENGTH DATA ELEMENTS--GENERAL INFORMATION
fixed length control field 080407s2008 xxkd f s 000 0 eng d
035 ## - SYSTEM CONTROL NUMBER
System control number (Sirsi) u143074
041 0# - LANGUAGE CODE
Language code of text/sound track or separate title eng
050 04 - LIBRARY OF CONGRESS CALL NUMBER
Classification number 333.33 $2 18
110 2# - MAIN ENTRY--CORPORATE NAME
Corporate name or jurisdiction name as entry element Knight Frank
9 (RLIN) 1530
245 00 - TITLE STATEMENT
Title International demand for UK residential property
Medium [electronic resource]
260 ## - PUBLICATION, DISTRIBUTION, ETC.
Place of publication, distribution, etc. London
Name of publisher, distributor, etc. Knight Frank
Date of publication, distribution, etc. 2008
490 #0 - SERIES STATEMENT
Series statement Knight Frank Research Report
520 ## - SUMMARY, ETC.
Summary, etc. Report on survey results finds that in recent years, demand from overseas investors for UK residential property has increased markedly. This surge of interest has been driven by rising wealth, a desire to widen portfolios, and a more international outlook on behalf of investors. The UK is attractive due to its tax regime, stability and market transparency. In addition, cross border investment regulations have eased. However, legislation still restricts investment from some countries. Concludes that UK stock owners require effective marketing and knowledge of major overseas markets in order to attract further foreign buyers.
521 2# - TARGET AUDIENCE NOTE
Target audience note Advanced
590 ## - LOCAL NOTE (RLIN)
Local note KA
651 #4 - SUBJECT ADDED ENTRY--GEOGRAPHIC NAME
Geographic name International
690 ## - LOCAL SUBJECT ADDED ENTRY--TOPICAL TERM (OCLC, RLIN)
Topical term or geographic name as entry element PROPERTY-RESIDENTIAL PROPERTY-RESIDENTIAL PROPERTY MARKET
856 40 - ELECTRONIC LOCATION AND ACCESS
Uniform Resource Identifier <a href="https://www.knightfrank.com/research/ViewDetails.aspx?reportTitleid=149">https://www.knightfrank.com/research/ViewDetails.aspx?reportTitleid=149</a>
Public note View the item free of charge at www.knightfrank.com...
942 ## - ADDED ENTRY ELEMENTS (KOHA)
Suppress in OPAC 0
Holdings
Withdrawn status Lost status Source of classification or shelving scheme Damaged status Not for loan Home library Current library Shelving location Date acquired Total Checkouts Full call number Barcode Date last seen Copy number Price effective from Koha item type
    Dewey Decimal Classification     Virtual Virtual Online 07/04/2008   ONLINE PUBLICATION 143074-1001 06/08/2019 1 06/08/2019 Book